000
00193 a2200097 4500
020
_a
9992442476
041
_a
spa
100
_a
Jorge Bautista Lara
245
_a
Escape por el Espejo
942
_c
K
999
_c
27651
_d
27651